[Event "Speed Chess Super Swiss"]
[Site "chess.com INT"]
[Date "2021.10.16"]
[Round "14"]
[White "Nakamura,Hi"]
[Black "Deac,Bogdan-Daniel"]
[Result "1/2-1/2"]
[WhiteElo "2736"]
[BlackElo "2643"]

1.d4 Nf6 2.c4 e6 3.Nc3 Bb4 4.Qc2 d5 5.cxd5 Qxd5 6.e3 c5 7.Bd2 Bxc3 8.bxc3 Nc6
9.f3 Qd6 10.f4 Qd5 11.Nf3 c4 12.Be2 b6 13.Nh4 Ne4 14.Bf3 f5 15.Bxe4 fxe4
16.g3 O-O 17.O-O  1/2-1/2

[Event "chess.com Speed 2021"]
[Site "chess.com INT"]
[Date "2021.11.12"]
[Round "1.36"]
[White "Svidler,P"]
[Black "Nakamura,Hi"]
[Result "0-1"]
[WhiteElo "2694"]
[BlackElo "2736"]

1.e4 g6 2.d4 Bg7 3.Be3 a6 4.Nf3 b5 5.c4 Bb7 6.Nc3 b4 7.Nd5 e6 8.Nxb4 Bxe4
9.Bd3 Bb7 10.O-O Ne7 11.Re1 O-O 12.Rc1 a5 13.Nc2 Na6 14.Qd2 d6 15.b3 Bxf3
16.gxf3 c5 17.Be4 Rb8 18.Rcd1 Qc8 19.dxc5 Nxc5 20.Qxd6 Nxe4 21.fxe4 Nc6 22.Qd7 Qxd7
23.Rxd7 Ne5 24.Ra7 Nf3+ 25.Kg2 Nxe1+ 26.Nxe1 Ra8 27.Rb7 a4 28.Nd3 axb3 29.axb3 Rfd8
30.Nc5 Bd4 31.Bxd4 Rxd4 32.Nd7 Ra2 33.c5 Rc2 34.Kg3 Kg7 35.b4 Rxe4 36.b5 Rc3+
37.f3 Ree3 38.Kf4 h6 39.c6 g5+ 40.Kg4 Rxf3  0-1

[Event "chess.com Speed 2021"]
[Site "chess.com INT"]
[Date "2021.11.12"]
[Round "1.28"]
[White "Nakamura,Hi"]
[Black "Svidler,P"]
[Result "0-1"]
[WhiteElo "2736"]
[BlackElo "2694"]

1.b4 e5 2.Bb2 Bxb4 3.Bxe5 Nf6 4.c3 Ba5 5.g3 O-O 6.Bg2 Re8 7.Bxf6 Qxf6 8.e3 c6
9.Ne2 d5 10.O-O Nd7 11.d4 Bc7 12.Nd2 Nb6 13.a4 a5 14.Qb3 Be6 15.Nf4 Bf5 16.Rfe1 Rab8
17.e4 dxe4 18.Nxe4 Bxe4 19.Bxe4 Bxf4 20.gxf4 Nd7 21.Bg2 Re7 22.Re3 Nf8 23.Rae1 Rd7
24.Bh3 Rd5 25.f5 h6 26.Re7 Rd7 27.R7e5 b6 28.Bg2 Rd6 29.Rxa5 Nd7 30.Ra7 Qxf5
31.Re7 Rf8 32.Qd1 Nf6 33.Qf3 Qb1+ 34.Bf1 Nd5 35.Re4 Rf6 36.Qd3 Rg6+ 37.Kh1 Qb2
38.Re2 Qc1 39.Rc2 Qg5 40.Qg3 Qh5 41.Be2 Rxg3 42.Bxh5 Rxc3 43.Rxc3 Nxc3 44.Bf3 Rc8
45.Ra6 Kf8 46.Ra7 g5 47.Bh5 Rd8 48.Rxf7+ Kg8 49.Rf6 Rxd4 50.Rxc6 Nxa4 51.Rxh6 Rf4
52.Kg2 Rh4 53.Rg6+ Kh7 54.Rxg5 Kh6 55.Rg4 Kxh5 56.Rxh4+ Kxh4 57.Kf3 Nc5 58.Ke3 b5
59.Kd4 b4 60.Kc4 b3 61.Kc3 Kg4 62.Kb2 Kf3 63.h3 Ke4 64.h4 Kd3 65.h5 Kc4 66.h6 Nd3+
67.Kb1 Nf4 68.h7 Ng6 69.f4 Kc3 70.f5 Nh8 71.Kc1 b2+  0-1

[Event "chess.com Speed 2021"]
[Site "chess.com INT"]
[Date "2021.11.12"]
[Round "1.35"]
[White "Nakamura,Hi"]
[Black "Svidler,P"]
[Result "1-0"]
[WhiteElo "2736"]
[BlackElo "2694"]

1.e4 c5 2.Nf3 d6 3.d4 cxd4 4.Qxd4 Nf6 5.e5 Nc6 6.Bb5 dxe5 7.Bxc6+ bxc6 8.Qxd8+ Kxd8
9.Nxe5 Ke8 10.Nd2 Nd7 11.Nd3 Ba6 12.Nb3 Bxd3 13.cxd3 a5 14.a4 e6 15.Bd2 Nc5
16.Nxc5 Bxc5 17.Rc1 Bd6 18.Rxc6 Kd7 19.Rc2 Rhb8 20.Ke2 Bb4 21.Be3 Be7 22.Bd2 Bf6
23.Bc3 Bxc3 24.bxc3 Rb3 25.Ra1 Rab8 26.Kd2 Kc6 27.d4 Kd5 28.Kd3 Rc8 29.Re1 f6
30.Re3 Rc4 31.Kd2 Ra3 32.Rb2 Rcxa4 33.Rb7 Ra2+ 34.Kd3 Rxf2 35.Rd7+ Kc6 36.Rxg7 e5
37.dxe5 fxe5 38.Rxe5 Raa2 39.Rxh7 Rxg2 40.Rh6+ Kd7 41.h4 a4 42.Ra5 Rad2+
43.Ke4 Rge2+ 44.Kf3 Rf2+ 45.Kg4 Rg2+ 46.Kh5 Rd6 47.Ra7+  1-0

[Event "chess.com Speed 2021"]
[Site "chess.com INT"]
[Date "2021.11.12"]
[Round "1.34"]
[White "Svidler,P"]
[Black "Nakamura,Hi"]
[Result "0-1"]
[WhiteElo "2694"]
[BlackElo "2736"]

1.e4 g6 2.d4 Bg7 3.Be3 a6 4.Nf3 b5 5.c4 bxc4 6.Bxc4 e6 7.Nc3 d6 8.O-O Ne7
9.Rc1 O-O 10.Bb3 Bb7 11.h3 Nd7 12.Qe2 a5 13.Rfd1 Ba6 14.Qd2 Nb6 15.Bh6 Qd7
16.Bxg7 Kxg7 17.e5 d5 18.Qf4 a4 19.Bc2 Ng8 20.h4 h6 21.h5 g5 22.Nxg5 hxg5
23.Qxg5+ Kh8 24.Nxa4 f6 25.exf6 Rxf6 26.Nc5 Qf7 27.Bd3 Bxd3 28.Nxd3 Rf5 29.Ne5 Qxh5
30.Qxh5+ Rxh5 31.Rxc7 Nh6 32.b3 Rxa2 33.Rb7 Na8 34.Rc1 Rg5 35.g3 Rg7 36.Rb8+ Rg8
37.Rb7 Rg7 38.Rb8+ Rg8 39.Rb7 Nf5 40.Kg2 Rxg3+ 41.Kf1 Rg8 42.Rc3 Ra1+ 43.Ke2 Nxd4+
44.Kd2 Ra2+ 45.Ke3 Nf5+ 46.Kf3 Nd6 47.Re7 Ne4 48.Rc1 Rxf2+ 49.Ke3 Rg3+  0-1

[Event "chess.com Speed 2021"]
[Site "chess.com INT"]
[Date "2021.11.12"]
[Round "1.33"]
[White "Nakamura,Hi"]
[Black "Svidler,P"]
[Result "1-0"]
[WhiteElo "2736"]
[BlackElo "2694"]

1.e4 c5 2.Nc3 d6 3.Nf3 g6 4.d4 cxd4 5.Qxd4 Nf6 6.e5 Nc6 7.Bb5 dxe5 8.Qxd8+ Kxd8
9.Bxc6 bxc6 10.Nxe5 Ke8 11.Be3 Nd7 12.Nd3 e5 13.O-O-O f6 14.f4 exf4 15.Bxf4 Kf7
16.Ne4 Nb6 17.Rhf1 Bf5 18.Rde1 Nd5 19.Bd2 Re8 20.Ndf2 Be7 21.g4 Be6 22.Nd3 Bxg4
23.Ne5+ Kg7 24.Nxg4 f5 25.Bh6+ Kf7 26.Ne5+ Ke6 27.Ng5+  1-0

[Event "chess.com Speed 2021"]
[Site "chess.com INT"]
[Date "2021.11.12"]
[Round "1.32"]
[White "Svidler,P"]
[Black "Nakamura,Hi"]
[Result "0-1"]
[WhiteElo "2694"]
[BlackElo "2736"]

1.c4 g6 2.d4 Bg7 3.e4 d6 4.Nc3 Nc6 5.Be3 e5 6.d5 Nce7 7.g4 f5 8.gxf5 gxf5
9.Bh3 Nf6 10.Bg5 O-O 11.Nge2 fxe4 12.Bxc8 Qxc8 13.Rg1 Qf5 14.Qd2 Ng6 15.Ng3 Qf3
16.Bxf6 Rxf6 17.Ncxe4 Rf4 18.Qe2 Nh4 19.Rd1 Raf8 20.Rd3 Qxe2+ 21.Kxe2 Nf3
22.Rg2 Nh4 23.Rg1 Kh8 24.Ra3 a6 25.Rb3 b6 26.a4 Nf5 27.Rd3 Nxg3+ 28.Nxg3 Rxf2+
29.Kd1 Rxb2 30.Kc1 Ra2 31.Kb1 Rff2 32.Ne4 Rfb2+ 33.Kc1 Bh6+  0-1

[Event "chess.com Speed 2021"]
[Site "chess.com INT"]
[Date "2021.11.12"]
[Round "1.31"]
[White "Nakamura,Hi"]
[Black "Svidler,P"]
[Result "1-0"]
[WhiteElo "2736"]
[BlackElo "2694"]

1.Nf3 Nf6 2.b3 g6 3.Bb2 Bg7 4.d4 O-O 5.e3 c5 6.dxc5 Qa5+ 7.c3 Qxc5 8.Ba3 Qa5
9.Bxe7 Ne4 10.Bb4 Qc7 11.Bxf8 Kxf8 12.Nd4 Nxc3 13.Qc2 Nd5 14.Qxc7 Nxc7 15.Nd2 Nc6
16.N2f3 Ne6 17.Rd1 Ncxd4 18.Nxd4 Nxd4 19.exd4 d5 20.Be2 Be6 21.O-O Ke7 22.Rfe1 Kd6
23.h3 Rc8 24.Bg4 Rc2 25.Bxe6 fxe6 26.a4 Rb2 27.Rd3 e5 28.dxe5+ Bxe5 29.Kf1 a5
30.Re2 Rb1+ 31.Re1 Rb2 32.Red1 d4 33.R1d2 Rb1+ 34.Ke2 Kd5 35.Rd1 Rb2+ 36.R1d2 Rb1
37.Rc2 Bd6 38.Rc4 Bc5 39.Rc2 b6 40.h4 h6 41.Rg3 Ke4 42.Rd2 Kf5 43.Rf3+ Ke4
44.Rg3 Kf5 45.Rc2 g5 46.hxg5 hxg5 47.Rd2 g4 48.f3 gxf3+ 49.Rxf3+ Ke4 50.Rh3 Rg1
51.Rh4+ Kd5 52.Kd3 Rc1 53.Rh5+ Kc6 54.Rc2 Re1 55.Re2 Rc1 56.Ke4 Rc3 57.Rh3 Rc1
58.g4 Rg1 59.Kf5 Kd5 60.g5 Rf1+ 61.Kg6 Bd6 62.Kh7 Be5 63.g6  1-0

[Event "chess.com Speed 2021"]
[Site "chess.com INT"]
[Date "2021.11.12"]
[Round "1.29"]
[White "Svidler,P"]
[Black "Nakamura,Hi"]
[Result "1/2-1/2"]
[WhiteElo "2694"]
[BlackElo "2736"]

1.e4 h5 2.d4 g6 3.c4 Bg7 4.Nc3 d6 5.Be3 Nc6 6.Nge2 e5 7.d5 Nce7 8.Qd2 f5
9.f3 f4 10.Bf2 g5 11.Nc1 b6 12.Nd3 Nf6 13.O-O-O Ng6 14.Kb1 g4 15.Be2 Bh6
16.Qe1 O-O 17.Nb4 Qe8 18.Nc6 a6 19.Ka1 Bd7 20.b4 Kh7 21.c5 b5 22.Na5 Qe7
23.Kb2 Rg8 24.c6 Bc8 25.Ra1 Rb8 26.Nb3 gxf3 27.gxf3 Bh3 28.Rg1 Nh8 29.Qd2 Rxg1
30.Rxg1 Qf8 31.Bf1 Bxf1 32.Rxf1 Nf7 33.h4 Nh8 34.Rg1 Ng6 35.Na5 Qe7 36.Nb7 Rg8
37.Qe1 Ne8 38.a4 bxa4 39.Ka3 Bg7 40.Kxa4 Bf6 41.Ka5 Bxh4 42.Kxa6 Bxf2 43.Qxf2 Nf6
44.Nb5 h4 45.Na7 Nh5 46.b5 Ng3 47.b6 Kg7 48.Rg2 Rh8 49.bxc7 Qxc7 50.Qb6 Qxb6+
51.Kxb6 h3 52.Rh2 Nf1 53.Rxh3 Rxh3 54.Nxd6 Nd2 55.c7 Rh8 56.Nf5+ Kf6 57.d6 Ke6
58.Kc6 Nxf3 59.Ng7+ Kf7 60.d7 Nd4+ 61.Kb6 f3 62.c8=Q f2 63.Qxh8 Nxh8 64.d8=Q f1=Q
65.Qxh8 Qf6+ 66.Kb7 Qxg7 67.Qxg7+ Kxg7 68.Nc6 Nf3 69.Nxe5 Nd2 70.Kc6 Nxe4  1/2-1/2

[Event "chess.com Speed 2021"]
[Site "chess.com INT"]
[Date "2021.11.12"]
[Round "1.28"]
[White "Svidler,P"]
[Black "Nakamura,Hi"]
[Result "0-1"]
[WhiteElo "2694"]
[BlackElo "2736"]

1.e4 e5 2.Nf3 Nc6 3.Bc4 Bc5 4.c3 Nf6 5.d3 d6 6.O-O h6 7.Re1 O-O 8.b4 Bb6
9.Nbd2 Ne7 10.Bb3 a5 11.Nc4 Be6 12.Nxb6 cxb6 13.Bxe6 fxe6 14.Qb3 Qd7 15.Be3 a4
16.Qc2 b5 17.Rad1 Qc6 18.a3 Rac8 19.Qa2 Qd7 20.c4 Ng6 21.h3 Nh5 22.Nh2 Nhf4
23.Nf1 Qe7 24.Kh2 Nh4 25.Bxf4 exf4 26.f3 Rf6 27.cxb5 Rg6 28.Re2 Qg5 29.Rf2 Qxb5
30.Qd2 Rxg2+  0-1

[Event "chess.com Speed 2021"]
[Site "chess.com INT"]
[Date "2021.11.12"]
[Round "1.312"]
[White "Svidler,P"]
[Black "Nakamura,Hi"]
[Result "0-1"]
[WhiteElo "2694"]
[BlackElo "2736"]

1.e4 g6 2.d4 Bg7 3.Be3 a6 4.c4 b5 5.cxb5 Bb7 6.Nc3 axb5 7.Bxb5 Nf6 8.f3 O-O
9.Nge2 d6 10.O-O Nfd7 11.Qd2 c5 12.dxc5 Nxc5 13.Bd4 Nbd7 14.Bxg7 Kxg7 15.Qe3 Ba6
16.Bxa6 Rxa6 17.b4 Ne6 18.a4 Qa8 19.b5 Ra5 20.Nc1 Ndc5 21.Nd3 Nxa4 22.Nd5 Qb7
23.f4 Nc7 24.Nxe7 Nxb5 25.f5 Qa7 26.f6+ Kh8 27.Qxa7 Rxa7 28.Rfb1 Nbc3 29.Rb4 Rfa8
30.h3 h5 31.Nf4 Nc5 32.Rxa7 Rxa7 33.Rb8+ Kh7 34.Rf8 Ra1+ 35.Kh2 h4 36.Rxf7+ Kh6
37.Ng8+ Kg5 38.Rg7 Kxf4 39.f7 Ne6 40.Rxg6 Nf8 41.Rxd6 Ne2 42.Rh6 Kg5 43.Rh8 Ng3  0-1

[Event "chess.com Speed 2021"]
[Site "chess.com INT"]
[Date "2021.11.12"]
[Round "1.27"]
[White "Nakamura,Hi"]
[Black "Svidler,P"]
[Result "1/2-1/2"]
[WhiteElo "2736"]
[BlackElo "2694"]

1.b4 e5 2.Bb2 Bxb4 3.Bxe5 Nf6 4.c3 Ba5 5.g3 O-O 6.Bg2 Re8 7.Bxf6 Qxf6 8.e3 c6
9.Ne2 d5 10.O-O Nd7 11.h3 Nc5 12.d4 Ne4 13.Qc1 Bc7 14.Nd2 Ng5 15.Kh2 h5 16.f4 Nh7
17.Nf3 Qe7 18.Neg1 Nf6 19.Ne5 Ne4 20.c4 f6 21.Nd3 dxc4 22.Qxc4+ Be6 23.Qc2 Bd5
24.Rab1 Bd6 25.Ne2 Rad8 26.Rfe1 b5 27.a4 Bc4 28.Nb2 Bd5 29.Nd3 Bc4 30.Nb2 Bd5
31.Nd3  1/2-1/2

[Event "chess.com Speed 2021"]
[Site "chess.com INT"]
[Date "2021.11.12"]
[Round "1.38"]
[White "Svidler,P"]
[Black "Nakamura,Hi"]
[Result "0-1"]
[WhiteElo "2694"]
[BlackElo "2736"]

1.e4 g6 2.d4 Bg7 3.Be3 a6 4.Nf3 d6 5.c4 Nf6 6.Nc3 O-O 7.Be2 e5 8.d5 Ng4 9.Bg5 f6
10.Bh4 h5 11.Nd2 Nh6 12.f3 c5 13.O-O Nd7 14.a3 Qe8 15.b4 b6 16.Rb1 f5 17.bxc5 bxc5
18.Qa4 Nf7 19.Qc6 Ra7 20.Rb2 Bh6 21.Bf2 Qd8 22.Rfb1 h4 23.Na4 h3 24.Nb6 Nxb6
25.Qxb6 Qxb6 26.Rxb6 Bxd2  0-1

[Event "chess.com Speed 2021"]
[Site "chess.com INT"]
[Date "2021.11.12"]
[Round "1.39"]
[White "Nakamura,Hi"]
[Black "Svidler,P"]
[Result "0-1"]
[WhiteElo "2736"]
[BlackElo "2694"]

1.b3 e5 2.Bb2 Nc6 3.e3 g6 4.Bb5 Bg7 5.Ne2 Nge7 6.O-O O-O 7.Ng3 a6 8.Be2 d5
9.f4 d4 10.Bf3 f5 11.fxe5 Nxe5 12.Kh1 dxe3 13.dxe3 Qxd1 14.Rxd1 c6 15.Nd2 Be6
16.Be2 Rad8 17.Rab1 Rfe8 18.Ndf1 Nd5 19.e4 fxe4 20.Nxe4 Bf5 21.Nfg3 Bxe4
22.Nxe4 Nf4 23.Rxd8 Rxd8 24.Bf1 Ng4 25.Bc4+ Kh8 26.Ng5 Nf2+ 27.Kg1 Rd2 28.Bc1 N2h3+
29.Nxh3 Bd4+ 30.Nf2 Rd1+ 31.Bf1 Ne2+ 32.Kh1 Rxf1+  0-1

[Event "chess.com Speed 2021"]
[Site "chess.com INT"]
[Date "2021.11.12"]
[Round "1.310"]
[White "Svidler,P"]
[Black "Nakamura,Hi"]
[Result "0-1"]
[WhiteElo "2694"]
[BlackElo "2736"]

1.e4 h5 2.d4 g6 3.Nc3 Bg7 4.f4 a6 5.Nf3 c6 6.Bd3 d5 7.O-O Bg4 8.e5 e6 9.Ne2 h4
10.h3 Bxf3 11.Rxf3 Ne7 12.c4 dxc4 13.Bxc4 Nd7 14.Nc3 Nb6 15.Bb3 Nf5 16.Be3 Nxe3
17.Rxe3 Qc7 18.Rd3 O-O-O 19.Qf3 Kb8 20.Rad1 Rd7 21.Ne4 Bf8 22.Ng5 Bh6 23.Ne4 Bf8
24.Ng5 a5 25.a3 Bh6 26.Ne4 Bf8 27.Nc5 Rd8 28.Bxe6 fxe6 29.Nxe6 Qe7 30.Nxd8 Qxd8
31.f5 gxf5 32.Qxf5 Nd5 33.Rf3 Bh6 34.Kh2 Rf8 35.Qg4 Ne3 36.Rxe3 Bxe3 37.Qe4 Bf4+
38.Kh1 Bg3 39.e6 Qf6  0-1

[Event "chess.com Speed 2021"]
[Site "chess.com INT"]
[Date "2021.11.12"]
[Round "1.311"]
[White "Nakamura,Hi"]
[Black "Svidler,P"]
[Result "1-0"]
[WhiteElo "2736"]
[BlackElo "2694"]

1.e4 c5 2.Nc3 g6 3.f4 Bg7 4.Nf3 d6 5.Bc4 e6 6.O-O Nc6 7.d3 Nge7 8.Qe1 O-O
9.Qh4 d5 10.Bb3 Nd4 11.f5 gxf5 12.exd5 Nxb3 13.axb3 Nxd5 14.Qg3 Ne7 15.Bg5 f6
16.Bh6 Ng6 17.Bxg7 Kxg7 18.h4 Kh8 19.h5 Ne7 20.Rae1 Ng8 21.Qf2 b6 22.d4 cxd4
23.Nxd4 e5 24.Nxf5 Bxf5 25.Qxf5 Qd4+ 26.Rf2 Nh6 27.Qe4 Rad8 28.Qxd4 Rxd4
29.Ne4 f5 30.Ng5 Ng4 31.Rff1 Rd6 32.Nf3 e4 33.Nh4 Rdf6 34.Rf4 Nh6 35.g3 Kg7
36.Ng2 Rd6 37.Ne3 Rd2 38.Rf2 Rfd8 39.Ree2 Rxe2 40.Rxe2 Kf6 41.Rf2 Ke5 42.Kg2 Rg8
43.Kh3 Rg5 44.Kh4 Rg8 45.Rd2 Ng4 46.Nc4+ Ke6 47.b4 b5 48.Na5 Ne5 49.Kh3 Nf3
50.Rf2 f4 51.g4 Ke5 52.Nc6+ Kd5 53.Ne7+ Kd4 54.Nxg8 Ke3 55.Kg2 Nh4+ 56.Kf1 f3
57.Nf6 Kf4 58.Nxh7 Kxg4 59.Nf6+ Kf4 60.Nxe4 Kxe4 61.h6  1-0

[Event "chess.com Speed 2021"]
[Site "chess.com INT"]
[Date "2021.11.12"]
[Round "1.37"]
[White "Nakamura,Hi"]
[Black "Svidler,P"]
[Result "1-0"]
[WhiteElo "2736"]
[BlackElo "2694"]

1.e4 c5 2.Nc3 g6 3.Nf3 Bg7 4.d4 cxd4 5.Nxd4 Nc6 6.Be3 Nf6 7.Bc4 Qa5 8.O-O O-O
9.Bb3 d6 10.h3 Bd7 11.Re1 Rac8 12.Nd5 Rfe8 13.Nxf6+ Bxf6 14.c3 Nxd4 15.cxd4 e6
16.Qf3 Bg7 17.Qg3 d5 18.e5 Ba4 19.h4 Bxb3 20.axb3 Qb6 21.h5 Rc2 22.Rec1 Rec8
23.Rxc2 Rxc2 24.Qh4 Bf8 25.g3 Qxb3 26.Qd8 a6 27.Bg5 Rxf2 28.Kxf2 Qxb2+ 29.Kf3 Qxa1
30.Be7 Qc3+ 31.Kg4  1-0

[Event "chess.com Speed 2021"]
[Site "chess.com INT"]
[Date "2021.11.12"]
[Round "1.26"]
[White "Svidler,P"]
[Black "Nakamura,Hi"]
[Result "0-1"]
[WhiteElo "2694"]
[BlackElo "2736"]

1.e4 e5 2.Nf3 Nc6 3.Bb5 Nf6 4.d3 Bc5 5.Bxc6 dxc6 6.O-O Bd6 7.Nbd2 Be6 8.b3 Nd7
9.Nc4 f6 10.Nh4 Qe7 11.f4 exf4 12.Bxf4 Bxf4 13.Rxf4 O-O-O 14.Nf5 Qf8 15.Nfe3 Kb8
16.Rf2 Qc5 17.Qe1 Rhe8 18.Qc3 Bxc4 19.Nxc4 Ne5 20.h3 b5 21.Qa5 Qd4 22.c3 Qxd3  0-1

[Event "chess.com Speed 2021"]
[Site "chess.com INT"]
[Date "2021.11.12"]
[Round "1.25"]
[White "Nakamura,Hi"]
[Black "Svidler,P"]
[Result "1-0"]
[WhiteElo "2736"]
[BlackElo "2694"]

1.b4 c6 2.Bb2 Qb6 3.a3 a5 4.c3 d5 5.d4 Bf5 6.Nd2 e6 7.e3 Nd7 8.c4 axb4 9.c5 Qd8
10.axb4 Ngf6 11.Ngf3 h6 12.Be2 g5 13.O-O Bg7 14.b5 O-O 15.Qb3 Ne4 16.Rxa8 Qxa8
17.Ra1 Qb8 18.Nxe4 Bxe4 19.Nd2 Bg6 20.Qa4 Nxc5 21.Qa3 Nd7 22.Nb3 Rc8 23.Bc3 cxb5
24.Bb4 Qc7 25.Bxb5 Nf6 26.Bf1 Ne4 27.f3 Nf6 28.Rc1 Qd8 29.Nc5 b6 30.Na4 Rxc1
31.Qxc1 g4 32.Be1 gxf3 33.gxf3 Nh7 34.Kh1 e5 35.dxe5 Bxe5 36.Qd2 d4 37.Bf2 Ng5
38.Bg2 Ne6 39.f4 Bf6 40.e4 Qa8 41.Nxb6 Qa1+ 42.Bg1 Qc3 43.Qf2 d3 44.Nd5 Qc2
45.Nxf6+ Kg7 46.Ng4 d2 47.Ne3 Qc1 48.f5  1-0

[Event "chess.com Speed 2021"]
[Site "chess.com INT"]
[Date "2021.11.12"]
[Round "1.11"]
[White "Nakamura,Hi"]
[Black "Svidler,P"]
[Result "1-0"]
[WhiteElo "2736"]
[BlackElo "2694"]

1.Nf3 Nf6 2.b3 g6 3.Bb2 Bg7 4.g3 O-O 5.Bg2 d5 6.O-O c5 7.c4 dxc4 8.bxc4 Nc6
9.d3 Bd7 10.Nc3 Rc8 11.Rb1 b6 12.Nd5 e6 13.Nxf6+ Bxf6 14.Qc1 Kg7 15.Nd2 Nd4
16.Re1 Bc6 17.e3 Bxg2 18.Kxg2 Nc6 19.Ne4 Bxb2 20.Qxb2+ f6 21.Rbd1 e5 22.Nc3 Qd7
23.Nd5 Ne7 24.e4 Nc6 25.f4 Nd4 26.Rf1 exf4 27.Rxf4 f5 28.exf5 Rxf5 29.Rxd4 cxd4
30.Qxd4+ Kf7 31.g4 Rxd5 32.Rf1+ Kg8 33.cxd5 Rc5 34.d6 Qc6+ 35.Qe4 Rc2+ 36.Kg1 Qd7
37.Qd5+ Kg7 38.Qe5+ Kg8 39.Qd5+ Kg7 40.Qd4+ Kg8 41.Qf4 Rc8 42.Re1 Rf8 43.Qc4+ Kh8
44.Qd4+ Qg7 45.Re5 Kg8 46.d7  1-0

[Event "chess.com Speed 2021"]
[Site "chess.com INT"]
[Date "2021.11.12"]
[Round "1.12"]
[White "Svidler,P"]
[Black "Nakamura,Hi"]
[Result "1-0"]
[WhiteElo "2694"]
[BlackElo "2736"]

1.e4 e5 2.Nf3 Nc6 3.Bb5 Nf6 4.d3 Bc5 5.O-O Nd4 6.Nxd4 Bxd4 7.c3 Bb6 8.Ba4 c6
9.Na3 d6 10.Nc4 Bc7 11.Bb3 Be6 12.f4 exf4 13.Bxf4 d5 14.Bxc7 Qxc7 15.exd5 Nxd5
16.Qf3 O-O 17.d4 Rae8 18.Rae1 f6 19.Nd2 Bf7 20.Ne4 Kh8 21.Qg3 Qd7 22.Nd6 Rxe1
23.Rxe1 Bg8 24.c4 Ne7 25.c5 b6 26.Bc2 Qd8 27.b4 a5 28.cxb6 axb4 29.b7 Qd7
30.b8=Q Rxb8 31.Nf7+ Bxf7 32.Qxb8+ Ng8 33.Qxb4 Bxa2 34.Be4 h6 35.h3 Ne7 36.Bb1 Be6
37.Ba2 Bxa2 38.Rxe7 Qf5 39.Qb8+ Kh7 40.Qg3 Qg6 41.Qxg6+ Kxg6 42.Kf2 Bd5 43.g4 h5
44.gxh5+ Kh6 45.Kg3 Bh1 46.Kh4 Bd5 47.Re8 Kh7 48.Kg4 Bh1 49.Kf5 Bg2 50.h4 Bh3+
51.Kf4 Bg2 52.Rc8 Bh1 53.Kf5 Bg2 54.Rd8 Bh3+ 55.Ke4 Bg2+ 56.Kf4 Bh3 57.Kf3 Bf1
58.Rd6 Bc4 59.Kg4 Bd5 60.Rd8 Be6+ 61.Kf4 Bd5 62.Kf5 Bf3 63.h6  1-0

[Event "chess.com Speed 2021"]
[Site "chess.com INT"]
[Date "2021.11.12"]
[Round "1.13"]
[White "Nakamura,Hi"]
[Black "Svidler,P"]
[Result "1/2-1/2"]
[WhiteElo "2736"]
[BlackElo "2694"]

1.b3 d5 2.Bb2 Bf5 3.Nf3 h6 4.g3 e6 5.Bg2 Nf6 6.Ne5 Nbd7 7.Nxd7 Qxd7 8.d3 Be7
9.Nd2 Bh7 10.e4 O-O 11.Qe2 a5 12.a3 dxe4 13.dxe4 a4 14.b4 c5 15.bxc5 Bxc5
16.O-O Rfd8 17.Rfd1 Qc7 18.e5 Nd5 19.Be4 Bf8 20.Bxh7+ Kxh7 21.c4 Ne7 22.Ne4 Nc6
23.f4 Rxd1+ 24.Rxd1 Rd8 25.c5 Rxd1+ 26.Qxd1 Qa5 27.Qc2 Kg8 28.Kg2 b5 29.Bc3 Qa8
30.Kh3 Ne7 31.Nd6 Qf3 32.Bb4 Nd5 33.Qe4 Qf1+ 34.Qg2 Qd1 35.Qd2 Qf1+ 36.Qg2 Qd3
37.Qe4 Qf1+ 38.Qg2  1/2-1/2

[Event "chess.com Speed 2021"]
[Site "chess.com INT"]
[Date "2021.11.12"]
[Round "1.14"]
[White "Svidler,P"]
[Black "Nakamura,Hi"]
[Result "0-1"]
[WhiteElo "2694"]
[BlackElo "2736"]

1.e4 c5 2.Nf3 d6 3.Bb5+ Bd7 4.c4 Nc6 5.O-O e5 6.Nc3 g6 7.d3 Bg7 8.a3 Nge7
9.b4 O-O 10.bxc5 dxc5 11.Be3 b6 12.Nd5 h6 13.a4 a5 14.Rb1 Rb8 15.Nd2 Nb4
16.Bxd7 Qxd7 17.Qb3 Kh7 18.Rbe1 Nec6 19.Nb1 f5 20.f3 f4 21.Bf2 g5 22.Qd1 h5
23.g4 hxg4 24.fxg4 Kg6 25.Nd2 Nxd3 26.Nb3 Rbd8 27.Qxd3 Qxg4+ 28.Kh1 Rh8 29.Bg1 Rh3
30.Qc2 Nb4 31.Nxb4 axb4 32.Rd1 Rxd1  0-1

[Event "chess.com Speed 2021"]
[Site "chess.com INT"]
[Date "2021.11.12"]
[Round "1.15"]
[White "Nakamura,Hi"]
[Black "Svidler,P"]
[Result "1-0"]
[WhiteElo "2736"]
[BlackElo "2694"]

1.Nf3 Nf6 2.b3 d5 3.Bb2 Bf5 4.g3 e6 5.Bg2 h6 6.Ne5 Nbd7 7.Nxd7 Qxd7 8.d3 Be7
9.Nd2 Bh7 10.e4 O-O 11.Qe2 a5 12.O-O a4 13.c4 c6 14.Rfd1 Ra6 15.Nf3 Rfa8
16.exd5 cxd5 17.Ne5 Qd8 18.h3 Bf8 19.Kh2 axb3 20.axb3 Rxa1 21.Rxa1 Rxa1 22.Bxa1 b5
23.Nc6 Qa8 24.Bxf6 Qxc6 25.cxd5 exd5 26.Bd4 Bf5 27.f4 Be6 28.Bf3 Qc1 29.Qd1 Qxd1
30.Bxd1 Bf5 31.Be2 Bd6 32.Kg2 g5 33.g4 Bd7 34.fxg5 hxg5 35.Bf6 Bf4 36.d4 Kh7
37.Bd3+ Kh6 38.Kf3 Bd2 39.Ke2 Bf4 40.Kd1 b4 41.Be7 Be3 42.Bf8+  1-0

[Event "chess.com Speed 2021"]
[Site "chess.com INT"]
[Date "2021.11.12"]
[Round "1.16"]
[White "Svidler,P"]
[Black "Nakamura,Hi"]
[Result "1-0"]
[WhiteElo "2694"]
[BlackElo "2736"]

1.e4 c5 2.Nf3 d6 3.d4 cxd4 4.Nxd4 Nf6 5.Nc3 a6 6.a3 g6 7.Be2 Bg7 8.Be3 b5
9.Bf3 e5 10.Nf5 gxf5 11.exf5 d5 12.Nxd5 e4 13.Nxf6+ Qxf6 14.Bxe4 Nc6 15.Bg5 Qxg5
16.Bxc6+ Kf8 17.Bxa8 Bxb2 18.Rb1 Bc3+ 19.Kf1 Bxf5 20.Qf3 Be5 21.h4 Qg6 22.Re1 Bd6
23.Be4  1-0

[Event "chess.com Speed 2021"]
[Site "chess.com INT"]
[Date "2021.11.12"]
[Round "1.17"]
[White "Nakamura,Hi"]
[Black "Svidler,P"]
[Result "1-0"]
[WhiteElo "2736"]
[BlackElo "2694"]

1.Nf3 Nf6 2.b3 d5 3.Bb2 Bf5 4.g3 e6 5.Bg2 h6 6.Ne5 Be7 7.d3 O-O 8.Nd2 Bh7
9.e4 c6 10.Qe2 a5 11.a3 Nbd7 12.Nxd7 Nxd7 13.O-O Bf6 14.d4 Qb6 15.Qe3 Rfe8
16.e5 Be7 17.c4 a4 18.b4 dxc4 19.Nxc4 Qa6 20.Rfc1 Nb6 21.Bf1 Nxc4 22.Bxc4 Qa7
23.Rd1 Bd8 24.Rd2 Bb6 25.Rad1 Rad8 26.h4 Rd7 27.g4 Qb8 28.Kg2 Qd8 29.Kg3 Qe7
30.h5 Red8 31.f4 Kh8 32.Bc3 Bc7 33.Rf1 f6 34.Kh3 fxe5 35.fxe5 b5 36.Ba2 Bb6
37.Rf4 c5 38.bxc5 Bxc5 39.Ba5 Bxd4 40.Bxd8 Bxe3 41.Bxe7 Bxd2 42.Rf8+ Bg8
43.Rxg8+  1-0

[Event "chess.com Speed 2021"]
[Site "chess.com INT"]
[Date "2021.11.12"]
[Round "1.18"]
[White "Svidler,P"]
[Black "Nakamura,Hi"]
[Result "1-0"]
[WhiteElo "2694"]
[BlackElo "2736"]

1.e4 e5 2.Nf3 Nc6 3.Bb5 Nf6 4.d3 Bc5 5.Bxc6 dxc6 6.O-O Bd6 7.Nbd2 Be6 8.b3 Qe7
9.Nc4 Nd7 10.Ng5 Bxc4 11.bxc4 h6 12.Nf3 O-O-O 13.Rb1 b6 14.c3 Rhf8 15.Be3 Kb7
16.Nd2 Nc5 17.Qc2 Ne6 18.d4 Ka8 19.c5 Nxc5 20.dxc5 Bxc5 21.Bxc5 Qxc5 22.Nf3 Rd6
23.Rfd1 Rfd8 24.Rxd6 Rxd6 25.g3 a5 26.Kg2 Kb7 27.Qb3 Rd7 28.Rb2 f6 29.Rd2 Rxd2
30.Nxd2 a4 31.Qc4 Qd6 32.Nf1 b5 33.Qe2 Qc5 34.Qd3 Qa3 35.Qd2 Qd6 36.Qxd6 cxd6
37.Kf3 c5 38.Ke3 Kc6 39.Kd3 d5 40.exd5+ Kxd5 41.c4+ bxc4+ 42.Kc3 h5 43.f3  1-0

[Event "chess.com Speed 2021"]
[Site "chess.com INT"]
[Date "2021.11.12"]
[Round "1.19"]
[White "Nakamura,Hi"]
[Black "Svidler,P"]
[Result "0-1"]
[WhiteElo "2736"]
[BlackElo "2694"]

1.b4 e5 2.Bb2 Bxb4 3.Bxe5 Nf6 4.e3 O-O 5.c3 Ba5 6.g3 Re8 7.Bxf6 Qxf6 8.Bg2 c6
9.Ne2 Bc7 10.d4 d5 11.Nd2 Nd7 12.c4 dxc4 13.Nxc4 Nb6 14.Nd2 Bg4 15.h3 Bxe2
16.Qxe2 c5 17.Ne4 Qc6 18.Rc1 Nd7 19.d5 Qa4 20.Qc2 Ba5+ 21.Ke2 Qb5+ 22.Qc4 Qxc4+
23.Rxc4 b5 24.Rc2 c4 25.Nd6 Reb8 26.a4 a6 27.axb5 axb5 28.Rb1 Rb6 29.Nf5 c3
30.Nd4 b4 31.Nb3 Rbb8 32.d6 Ra7 33.Nd4 Rb6 34.Ra2 Nc5 35.d7 Nxd7 36.Nb3 Rba6
37.Rba1 c2 38.Bd5 Kf8 39.Kd2 Nc5 40.Kxc2 Bb6 41.Rxa6 Rxa6 42.Nxc5 Rxa1 43.Nd7+ Ke7
44.Nxb6 Rf1 45.f4 Rg1 46.g4 Rg3 47.Kd3 Rxh3 48.Bb3 f6 49.Nd5+ Kd6 50.Nxb4 g5
51.fxg5 fxg5 52.Bf7 Ke5 53.Nc2 Rh1 54.Nd4 Rd1+ 55.Ke2 Ra1 56.Kf3 Rf1+  0-1

[Event "chess.com Speed 2021"]
[Site "chess.com INT"]
[Date "2021.11.12"]
[Round "1.110"]
[White "Svidler,P"]
[Black "Nakamura,Hi"]
[Result "1/2-1/2"]
[WhiteElo "2694"]
[BlackElo "2736"]

1.e4 e5 2.Nf3 Nc6 3.Bb5 Nf6 4.O-O Nxe4 5.Re1 Nd6 6.Nxe5 Be7 7.Bf1 Nf5 8.Nf3 O-O
9.d4 d5 10.c3 Bd6 11.Bd3 Re8 12.Rxe8+ Qxe8 13.Na3 a6 14.Nc2 g6 15.Bg5 Qf8
16.Qd2 f6 17.Bf4 Ng7 18.Re1 Bg4 19.Bxd6 Qxd6 20.Be2 Re8 21.Ne3 Be6 22.c4 Bf7
23.c5 Qd7 24.b4 Ne7 25.Bd3 c6 26.h3 h5 27.a4 g5 28.b5 axb5 29.axb5 Ng6 30.b6 Nf4
31.Bf1 Bg6 32.Nc2 Be4 33.Nh2 Bxc2 34.Rxe8+ Qxe8 35.Qxc2 Qe1 36.Qa2 Kh7 37.Nf3 Qc1
38.Qd2 Qb1 39.h4 Kh6 40.hxg5+ fxg5 41.Ne5 Nge6 42.g3 Ng6 43.Nf7+ Kg7 44.Nxg5 Ngf8
45.Nxe6+ Nxe6 46.Qe3 Kf7 47.Kg2 Qd1 48.Be2 Qxd4 49.Qh6 Nxc5 50.Bxh5+ Kg8
51.Qg5+ Qg7 52.Qd8+ Qf8 53.Qg5+ Qg7 54.Qd8+ Qf8 55.Qg5+ Qg7  1/2-1/2

[Event "chess.com Speed 2021"]
[Site "chess.com INT"]
[Date "2021.11.12"]
[Round "1.21"]
[White "Nakamura,Hi"]
[Black "Svidler,P"]
[Result "0-1"]
[WhiteElo "2736"]
[BlackElo "2694"]

1.e4 c5 2.Nc3 d6 3.f4 g6 4.Nf3 Bg7 5.Bc4 Nc6 6.O-O e6 7.f5 Nge7 8.fxe6 Bxe6
9.Bxe6 fxe6 10.Ng5 Qd7 11.d3 h6 12.Nh3 O-O-O 13.Be3 g5 14.Qh5 Ne5 15.Nf2 Qe8
16.Qxe8 Rhxe8 17.Ne2 b6 18.Ng3 N7c6 19.Nh5 Bh8 20.Rae1 d5 21.a3 Kb7 22.h3 a5
23.Re2 a4 24.Rfe1 d4 25.Bc1 c4 26.Rd1 b5 27.Ng3 Rf8 28.Nf1 Bf6 29.Nh2 Be7
30.Nfg4 h5 31.Nxe5 Nxe5 32.Rf2 Rxf2 33.Kxf2 cxd3 34.cxd3 Rc8 35.Kf1 Rc2 36.Nf3 Nxf3
37.gxf3 e5 38.Kg1 h4 39.Kf1 Kc6 40.Kg1 b4  0-1